Tonal harmony, with an introduction to twentieth-century music / (Record no. 13654)
[ view plain ]
| 000 -LEADER | |
|---|---|
| fixed length control field | 00590cam a22002174a 4500 |
| 020 ## - INTERNATIONAL STANDARD BOOK NUMBER | |
| ISBN | 0072897821 |
| 020 ## - INTERNATIONAL STANDARD BOOK NUMBER | |
| ISBN | 0072415703 (book) |
| 020 ## - INTERNATIONAL STANDARD BOOK NUMBER | |
| ISBN | 0072897856 (CD) |
| 020 ## - INTERNATIONAL STANDARD BOOK NUMBER | |
| ISBN | 0072419962 (book with CD) |
| 040 ## - CATALOGING SOURCE | |
| Transcribing agency | STF |
| 082 04 - DEWEY DECIMAL CLASSIFICATION NUMBER | |
| Classification number | 781 HIL 2000 A086 Or. |
| 100 1# - MAIN ENTRY--AUTHOR NAME | |
| Personal name | Kostka, Stefan M |
| 245 10 - TITLE STATEMENT | |
| Title | Tonal harmony, with an introduction to twentieth-century music / |
| 250 ## - EDITION STATEMENT | |
| Edition statement | 4th ed |
| 260 ## - PUBLICATION, DISTRIBUTION, ETC. (IMPRINT) | |
| Place of publication | Boston : |
| Name of publisher | McGraw Hill, |
| Year of publication | c2000 |
| 300 ## - PHYSICAL DESCRIPTION | |
| Number of Pages | xix, 680 p. : |
| Other physical details | ill., music ; |
| Dimensions | 24 cm |
| 500 ## - GENERAL NOTE | |
| General note | Includes indexes |
| 650 #0 - SUBJECT ADDED ENTRY--TOPICAL TERM | |
| Topical Term | Harmony |
| 700 1# - ADDED ENTRY--PERSONAL NAME | |
| Personal name | Payne, Dorothy |
| 942 ## - ADDED ENTRY ELEMENTS (KOHA) | |
| Koha item type | សៀវភៅភាសាអង់គ្លេស |
| 952 ## - LOCATION AND ITEM INFORMATION (KOHA) | |
| Withdrawn status [LOCAL, KOHA] | 0 |
| Permanent Location | Date acquired | Koha item type | Lost status | Shelving location | Barcode | Current Location | Full call number |
|---|---|---|---|---|---|---|---|
| Library Block A | 2017-08-29 | សៀវភៅភាសាអង់គ្លេស | A086 | A18742 | Library Block A | 781 HIL 2000 A086 Or. |